Big Bang disruption : (Record no. 356293)
[ view plain ]
| 000 -LEADER | |
|---|---|
| fixed length control field | 00347nam a2200109Ia 4500 |
| 008 - FIXED-LENGTH DATA ELEMENTS--GENERAL INFORMATION | |
| fixed length control field | 180315s9999 xx 000 0 und d |
| 020 ## - INTERNATIONAL STANDARD BOOK NUMBER | |
| International Standard Book Number | 9781591846901 |
| 100 ## - MAIN ENTRY--PERSONAL NAME | |
| Personal name | Downes, Larry |
| 245 ## - TITLE STATEMENT | |
| Statement of responsibility, etc | Nunes, Paul |
| Title | Big Bang disruption : |
| Remainder of title | Strategy in the age of devastating innovation |
| 260 ## - PUBLICATION, DISTRIBUTION, ETC. (IMPRINT) | |
| Place of publication, distribution, etc | New York : |
| Name of publisher, distributor, etc | 2014 |
| Date of publication, distribution, etc | Penguin group |
| 300 ## - PHYSICAL DESCRIPTION | |
| Extent | vii, 247 pages |
| Withdrawn status | Lost status | Damaged status | Home library | Current library | Shelving location | Date acquired | Source of acquisition | Total Checkouts | Full call number | Barcode | Date last seen | Date checked out | Price effective from | Koha item type |
|---|---|---|---|---|---|---|---|---|---|---|---|---|---|---|
| College Library | College Library | Graduate Section | 03/15/2018 | Library Fund | 2 | HD 62.5 .D748 2014 | C21397 | 05/03/2018 | 04/02/2018 | 03/15/2018 | Books |